| 000 | 01125nam a2200301 i 4500 | ||
|---|---|---|---|
| 001 | bg | ||
| 003 | KOSZ 005 | ||
| 005 | 20200604082015.0 | ||
| 008 | 000114s1980 pl f f |000 0 pol | ||
| 015 | _aPB 1981/3720 | ||
| 035 | _a(OCoLC)830213524 | ||
| 040 |
_aWA N _cKOSZ 005/HR _dKOSZ 005/HR |
||
| 041 | 0 | _apol | |
| 080 | _a621 | ||
| 080 | _a(075.8) | ||
| 100 | 1 |
_aSendyka, Bronisław _d(1937-2015). _eAutor |
|
| 245 | 1 | 0 |
_aPodstawy konstrukcji maszyn : _bskrypt dla studentów wyższych szkół technicznych. _nT. 2, _pPrzekładnie zębate, napędy / _cBronisław Sendyka ; Politechnika Krakowska im. Tadeusza Kościuszki. |
| 246 | 3 | 0 | _aPrzekładnie zębate, napędy |
| 260 |
_aKraków : _bPK, _c1980. |
||
| 300 |
_a336 s. ; _c24 cm. |
||
| 380 | _aKsiążki. | ||
| 650 | 4 |
_aMaszyny _xbudowa i konstrukcje. |
|
| 658 | _aInżynieria i technika | ||
| 655 | 4 | _aPodręczniki akademickie | |
| 710 | 2 |
_aPolitechnika Krakowska im. Tadeusza Kościuszki _bWydawnictwo |
|
| 856 |
_uhttp://koha.tu.koszalin.pl/cgi-bin/koha/opac-detail.pl?biblionumber=1569 _yKatalog online BPK |
||
| 942 |
_2UKD _cKS |
||
| 999 |
_c1569 _d1569 |
||